000 00851nam a2200205Ii 4500
003 JO-AjNU
008 230605s9999||||xx |||||||||||||| ||und||
040 _aJO-AjNU
_bara
_erda
_cJO-AjNU
041 _aara
050 1 4 _aKZ3410.F372.2013
100 3 _aتأليف الفتلاوي، سهيل حسين ,
_eauthor
_946200
245 0 0 _aموسوعة القانون الدولي (4): التنظيم الدولي
264 3 1 _aعمان: دار الثقافة، 2013
300 _a352ص
_bيشتمل على مراجع ببلوغرافية باللغة العربية واللغة الأجنبية ص( 343-351)
336 _atext
_btxt
_2rdacontent
337 _aunmediated
_bn
_2rdamedia
338 _avolume
_bnc
_2rdacarrier
490 0 _aموسوعة القانون الدولي (4)
650 4 _aالقانون الدولي -- موسوعات
_946201
999 _aA20081
_c23649
_d23649